000 00286nam a2200097Ia 4500
082 _a796.51 MILL
245 0 _aSlow motion : stories about walking
100 _a Miller, Andie Auckland Park, South Africa, 2010
_934154
942 _cBK
008 210817s9999 xx 000 0 und d
999 _c124022
_d124021